000 00515nam a2200193Ia 4500
005 20250326123758.0
008 250326s9999 xx 000 0 und d
037 _aTextbook
040 _aFMSL
_beng
_cFMSL
041 _aeng
_2eng
084 _aS K6
_qFMSL
100 _aHepner H W
_9736078
245 0 _aPsychology applied to life and work
_cHepner H W
250 _a4
260 _aNew Jersey
_bNew Jersey, Prentice-Hall
_c1966
300 _a633p
942 _cTB
_hS K6
999 _c1270926
_d1270926